• 首页
  • 本馆介绍
  • 公告通知
  • 最新文献
  • 馆藏检索
  • 电子资源
  • 读者导购
  • 参考咨询
  • 我的图书馆
  • 登录
  • 详细信息显示
  • 放入我的书架
  • 预约/预借图书
  • 作者相关作品
  • 分类相关作品
  • 丛书相关作品
  • 出版社相关作品

书目信息

  • 表格格式
  • 工作单格式
  • 卡片格式
题名:
金属工艺学
    
 
作者: 南京工学院金属工艺学教研组 编
分册: 下册   讲课部分
出版信息: 北京   人民教育出版社  1961
页数: 237页
开本: 19cm
丛书名:
单 册:
中图分类: TG
科图分类:
主题词: 金属加工
电子资源:
ISBN:
000 00822nam0 2200253 45
001 0181000317
005 20070724111014.04
010    @dCNY0.77
091    @aCN@b15012.0307
100    @a19950630d1961 emky0chiy0121 ea
101 0  @achi
102    @aCN@b110000
105    @ay z 000yy
200 10 @a金属工艺学@Ajin shu gong yi xue@h下册@i讲课部分@f南京工学院金属工艺学教研组编@Fnan jing gong xue yuan jin shu gong yi xue jiao yan zu bian
210    @a北京@c人民教育出版社@d1961@h1981
215    @a237页@d19cm
300    @a高等学校试用教材
517 1  @a讲课部分@Ajiang ke bu fen
606    @a金属加工
690    @aTG@v3
701  0 @a南京工学院金属工艺学教研组@Anan jing gong xue yuan jin shu gong yi xue jiao yan zu@4编
801  0 @aCN@bTSSF@c20070724
801  2 @aCN@bNLC@c20070718
905    @a10447@dTG@e10:2
    
    金属工艺学.下册.讲课部分/南京工学院金属工艺学教研组编.-北京:人民教育出版社,1961(1981)
    237页;19cm
    高等学校试用教材
    
    ISBN :CNY0.77
    
●
相关链接 在E读中查询图书 在五车中查询图书 在当当中查询图书 在豆瓣中查询图书


正题名:金属工艺学     索取号:TG/10:2         预约/预借

序号 登录号 条形码 馆藏地/架位号 状态 备注
1 0766320   207663205   第二样本阅览室/ [索取号:TG/10:2] 在馆    
唐山师范学院图书馆 欢迎您!
大连网信软件有限公司© 版权所有